000 01056nam a22003257a 4500
003 CHAP
005 20220329135154.0
008 971013s1979 r 00010 d
010 _a32111
011 _a33083
035 _a37198
040 _cCHAP
082 _a574.524
_bN5
100 0 0 _aNickol, Brent B.
_981178
245 _aHost-parasites interfaces ; proceedings of a symposium...
260 _aNew York :
_bAcademic Press,
_c1979
300 _a144 p.
_b: ilus.
490 _aRapid manuscrip reproduction
590 _aBATCH-UPD
_b10
_c20130109
_lUCH01
_h2318
590 _aBATCH-UPD
_b10
_c20130110
_lUCH01
_h0231
590 _aBATCH-UPD
_b10
_c20130110
_lUCH01
_h2318
590 _aBATCH-UPD
_b10
_c20130409
_lUCH01
_h1840
590 _aBATCH-UPD
_b10
_c20130914
_lUCH01
_h1650
590 _aCONVERSION
_b10
_c20130109
_lUCH01
_h1318
650 1 4 _aInteracción huésped-parásito.
_959512
830 0 _aRapid manuscrip reproduction
_994687
901 _aBK
942 _cLIBRO
949 _a574.524 N5
_bBC
_cLIBRO
_d33724000403010
_eLIBRO
_h50029
_i37198
_si
999 _c32111
_d32111